000 00301nam a2200109 4500
999 _c9655
_d9655
008 180713b ||||| |||| 00| 0 eng d
245 _aStudy ties light to male libido.
260 _aPhilippines
_bPhilippine Daily Inquirer
_cc2016
300 _apage A14.
650 0 _928643
_aSex role.
942 _2ddc
_cPER